[Event "POL-ch Universities"]
[Site "Bydgoszcz"]
[Date "2023.03.10"]
[Round "2"]
[White "Pelka, Michal"]
[Black "Nowak, Mikolaj"]
[Result "0-1"]
[WhiteElo "1893"]
[BlackElo "2363"]
[PlyCount "42"]
[EventDate "2023.03.10"]
[EventType "swiss"]
[EventRounds "9"]
[EventCountry "POL"]
[SourceTitle "CBM 213 Extra"]
[Source "ChessBase"]
[SourceDate "2023.05.31"]
[SourceVersion "1"]
[SourceVersionDate "2023.05.31"]
[SourceQuality "1"]

1. e4 e5 2. Nf3 Nc6 3. d4 exd4 4. Nxd4 Bb4+ 5. c3 Bc5 6. Be3 Bb6 7. f4 d6 8. Bc4 Nf6 9. Nxc6 bxc6 10. Bxb6 axb6 11. 0-0 0-0 12. e5 dxe5 13. Qxd8 Rxd8 14. Bxf7+ Kxf7 15. fxe5 Ba6 16. c4 Bxc4 17. Rf4 Rd1+ 18. Kf2 Rf1+ 19. Kg3 Rxf4 20. Kxf4 Nd5+ 21. Ke4 Rxa2 0-1

[Event "EU-ch Blitz"]
[Site "Katowice"]
[Date "2022.12.16"]
[Round "1"]
[White "Dvirnyy, Danyyil"]
[Black "Pelka, Michal"]
[Result "1-0"]
[WhiteElo "2530"]
[BlackElo "1911"]
[PlyCount "132"]
[EventDate "2022.12.16"]
[EventType "swiss (blitz)"]
[EventRounds "22"]
[EventCountry "POL"]
[SourceTitle "CBM 211 Extra"]
[Source "ChessBase"]
[SourceDate "2023.01.31"]
[SourceVersion "1"]
[SourceVersionDate "2023.01.31"]
[SourceQuality "1"]

1. e4 c6 2. Nf3 d5 3. d3 g6 4. e5 Bg7 5. h3 c5 6. Bf4 Nc6 7. Nbd2 h5 8. c3 Nh6 9. d4 cxd4 10. cxd4 Nf5 11. Bb5 Qb6 12. Bxc6+ bxc6 13. Nb3 Ba6 14. Qd2 f6 15. Nc5 g5 16. exf6 exf6 17. Be3 0-0 18. g4 Nxe3 19. fxe3 Rfe8 20. 0-0-0 h4 21. b3 Bc8 22. Rhf1 a5 23. a4 Bf8 24. Qc3 Qd8 25. Nd2 Rb8 26. Rf3 Bg7 27. Rdf1 Qe7 28. Qxa5 Be6 29. Qc3 Bf7 30. Kb2 Bg6 31. a5 Rb5 32. a6 Reb8 33. Nb7 Qc7 34. Ra1 R5xb7 35. axb7 Qxb7 36. Ra5 Be8 37. Qc5 Bf8 38. Qa7 Be7 39. Qxb7 Rxb7 40. Ra4 c5 41. Ra8 Kf7 42. dxc5 Bxc5 43. Rf5 Bc6 44. Rc8 Rb6 45. Nf3 Bd6 46. Nd4 Bd7 47. Rd8 Bxf5 48. Nxf5 Be5+ 49. Kc2 Rc6+ 50. Kd2 Bc3+ 51. Kd3 Be5 52. Rd7+ Ke8 53. Rb7 Rc3+ 54. Kd2 Rc6 55. b4 Ra6 56. Kd3 Ra3+ 57. Ke2 Rb3 58. b5 Rb2+ 59. Kd3 Rb3+ 60. Kc2 Rb2+ 61. Kd1 Kd8 62. Ne7 Rb3 63. Ke2 Rb2+ 64. Kd3 Rb3+ 65. Kd2 Rb2+ 66. Kc1 Rb3 1-0

[Event "EU-ch Blitz"]
[Site "Katowice"]
[Date "2022.12.16"]
[Round "2"]
[White "Pelka, Michal"]
[Black "Dvirnyy, Danyyil"]
[Result "0-1"]
[WhiteElo "1911"]
[BlackElo "2530"]
[PlyCount "86"]
[EventDate "2022.12.16"]
[EventType "swiss (blitz)"]
[EventRounds "22"]
[EventCountry "POL"]
[SourceTitle "CBM 211 Extra"]
[Source "ChessBase"]
[SourceDate "2023.01.31"]
[SourceVersion "1"]
[SourceVersionDate "2023.01.31"]
[SourceQuality "1"]

1. e4 c5 2. b4 cxb4 3. a3 b3 4. cxb3 d5 5. e5 Nc6 6. d4 Bf5 7. Ne2 e6 8. Ng3 Bg6 9. h4 h5 10. Be2 Bxb1 11. Rxb1 g6 12. b4 Nge7 13. Bg5 Qd7 14. Bf6 Rg8 15. Qd2 a6 16. a4 Nc8 17. b5 axb5 18. axb5 Na5 19. 0-0 Be7 20. Qf4 Bxf6 21. exf6 Qd6 22. Qe3 Nb6 23. Bd3 Nac4 24. Qe2 Kd7 25. Rfc1 Rgc8 26. Nf1 Qf4 27. Ne3 Nxe3 28. Qxe3 Qxe3 29. fxe3 Rxc1+ 30. Rxc1 Ra3 31. Rd1 Nc8 32. e4 dxe4 33. Bxe4 Nd6 34. Bf3 Rb3 35. d5 e5 36. Re1 Ne8 37. Rxe5 Nxf6 38. Be2 Ne8 39. Bc4 Rb1+ 40. Kh2 Nd6 41. Bd3 Rb4 42. Re3 Rxh4+ 43. Kg1 Rd4 0-1

[Event "POL-chT U20"]
[Site "Szczyrk"]
[Date "2017.07.27"]
[Round "6.4"]
[White "Pelka, Michal"]
[Black "Fiedorek, Michal"]
[Result "1/2-1/2"]
[WhiteElo "1640"]
[BlackElo "1871"]
[PlyCount "84"]
[EventDate "2017.07.22"]
[EventType "team-tourn"]
[EventRounds "9"]
[EventCountry "POL"]
[SourceTitle "EXT 2019"]
[Source "ChessBase"]
[SourceDate "2018.10.10"]
[SourceVersion "1"]
[SourceVersionDate "2018.10.10"]
[SourceQuality "1"]

1. e4 c5 2. Nf3 d6 3. Bb5+ Nd7 4. 0-0 a6 5. Bd3 Ngf6 6. c3 b5 7. Bc2 Bb7 8. d3 g6 9. Qe2 Bg7 10. d4 0-0 11. Nbd2 Rc8 12. Nb3 Qc7 13. Bb1 Rfd8 14. Re1 e5 15. d5 c4 16. Nbd2 Nc5 17. b3 cxb3 18. axb3 Rf8 19. Ba3 Rb8 20. Bb4 Bc8 21. Nh4 Bh6 22. Bc2 Qe7 23. g3 Nh5 24. Nf1 Nf4 25. Qf3 Bg5 26. gxf4 Bxh4 27. Ng3 exf4 28. Qxf4 Bg5 29. Qf3 h5 30. Bxc5 dxc5 31. e5 Bg4 32. Qd3 Qb7 33. f3 h4 34. Ne4 Bf5 35. Qe2 Bxe4 36. Qxe4 Bd2 37. Re2 Bxc3 38. Rd1 Bd4+ 39. Kh1 Rbe8 40. f4 Rd8 41. d6 Qxe4+ 42. Rxe4 a5 1/2-1/2

[Event "POL-chT U20"]
[Site "Szczyrk"]
[Date "2017.07.26"]
[Round "5.28"]
[White "Pelka, Michal"]
[Black "Golecki, Jan"]
[Result "1-0"]
[WhiteElo "1640"]
[BlackElo "1953"]
[PlyCount "116"]
[EventDate "2017.07.22"]
[EventType "team-tourn"]
[EventRounds "9"]
[EventCountry "POL"]
[SourceTitle "EXT 2019"]
[Source "ChessBase"]
[SourceDate "2018.10.10"]
[SourceVersion "1"]
[SourceVersionDate "2018.10.10"]
[SourceQuality "1"]

1. e4 c5 2. Ne2 d6 3. g3 g6 4. Bg2 Bg7 5. c3 Nc6 6. 0-0 e6 7. d4 cxd4 8. cxd4 Nge7 9. Nbc3 0-0 10. Be3 d5 11. exd5 Nxd5 12. Nxd5 exd5 13. Nf4 Be6 14. Qd2 Qd6 15. Rac1 Rac8 16. a3 b6 17. b4 Ne7 18. Nd3 Rc4 19. Nb2 Rcc8 20. Rxc8 Rxc8 21. Rc1 Qd7 22. Bf1 Nf5 23. Rc3 Nd6 24. Qc1 Rxc3 25. Qxc3 Qc8 26. Qxc8+ Bxc8 27. Bd3 Bf5 28. Kf1 Bxd3+ 29. Nxd3 Nb5 30. Nf4 Nxa3 31. Nxd5 Nb5 32. Ne7+ Kf8 33. Nc6 Ke8 34. d5 Kd7 35. Bf4 Nc3 36. Nb8+ Kc8 37. d6 Nd5 38. Bg5 f6 39. d7+ Kd8 40. Bd2 Bf8 41. b5 Bd6 42. Nc6+ Kxd7 43. Nxa7 Ne7 44. Bc3 Be5 45. Bb4 Bd6 46. Bc3 f5 47. Bf6 Nd5 48. Bd4 Bc5 49. Be5 Ke6 50. Nc6 Ne7 51. f4 Nxc6 52. bxc6 Bd6 53. c7 Bxc7 54. Bxc7 b5 55. Ke2 Kd5 56. Kd3 h5 57. Bb6 Kc6 58. Bd8 Kd5 1-0

[Event "POL-chT U20"]
[Site "Szczyrk"]
[Date "2017.07.25"]
[Round "4.10"]
[White "Oleksy, Krzysztof1"]
[Black "Pelka, Michal"]
[Result "0-1"]
[WhiteElo "1598"]
[BlackElo "1640"]
[PlyCount "82"]
[EventDate "2017.07.22"]
[EventType "team-tourn"]
[EventRounds "9"]
[EventCountry "POL"]
[SourceTitle "EXT 2019"]
[Source "ChessBase"]
[SourceDate "2018.10.10"]
[SourceVersion "1"]
[SourceVersionDate "2018.10.10"]
[SourceQuality "1"]

1. d4 Nf6 2. c4 g6 3. f3 Nc6 4. e4 d6 5. Nc3 Bg7 6. Be3 e5 7. d5 Ne7 8. Qd2 a6 9. Bd3 0-0 10. 0-0-0 Bd7 11. g4 Ne8 12. Nge2 c5 13. h4 f5 14. gxf5 gxf5 15. exf5 Nxf5 16. Bg5 Qa5 17. Rdg1 Kh8 18. Bxf5 Bxf5 19. Ng3 Qc7 20. Nce4 Qd7 21. Nh5 Bxe4 22. fxe4 Qf7 23. Nxg7 Nxg7 24. Rg2 Nh5 25. Rhg1 b5 26. Bh6 Rg8 27. Rg5 bxc4 28. Qg2 Rxg5 29. Bxg5 Rf8 30. Qg4 Nf4 31. Kc2 Nd3 32. Bd2 Nf2 33. Qg2 Rg8 34. Qxg8+ Qxg8 35. Rxg8+ Kxg8 36. Ba5 Nxe4 37. Bc7 Kf7 38. Bb8 Ke7 39. Ba7 Nf6 40. Kc3 Nxd5+ 41. Kxc4 Ke6 0-1

[Event "POL-chT U20"]
[Site "Szczyrk"]
[Date "2017.07.24"]
[Round "3.22"]
[White "Pelka, Michal"]
[Black "Czarniecki, Pawel"]
[Result "1-0"]
[WhiteElo "1640"]
[BlackElo "1267"]
[PlyCount "113"]
[EventDate "2017.07.22"]
[EventType "team-tourn"]
[EventRounds "9"]
[EventCountry "POL"]
[SourceTitle "EXT 2019"]
[Source "ChessBase"]
[SourceDate "2018.10.10"]
[SourceVersion "1"]
[SourceVersionDate "2018.10.10"]
[SourceQuality "1"]

1. e4 c5 2. Nf3 e6 3. d4 cxd4 4. Nxd4 a6 5. Nc3 Qc7 6. Bd3 b5 7. 0-0 Bb7 8. a4 b4 9. Na2 Nf6 10. Qe2 Nc6 11. c3 Nxd4 12. cxd4 d5 13. e5 Nd7 14. b3 Be7 15. Qg4 Bf8 16. Bd2 a5 17. f4 Qb6 18. Be3 g6 19. Qg3 Be7 20. Rf2 0-0-0 21. Bb5 Ba6 22. Rc1+ Kb8 23. Rc6 Qb7 24. Rxa6 Qc7 25. Rc6 Qa7 26. Rfc2 Rc8 27. Qf2 Rxc6 28. Rxc6 Rc8 29. Qc2 Qb7 30. Rxc8+ Qxc8 31. Qxc8+ Kxc8 32. Bxd7+ Kxd7 33. Nc1 h5 34. Nd3 Bd8 35. Kf2 Ke8 36. h3 Kf8 37. g4 Kg7 38. Kf3 Kh7 39. f5 hxg4+ 40. hxg4 Kg7 41. Nf4 g5 42. f6+ Kh6 43. Nh3 Kg6 44. Nxg5 Bb6 45. Nh3 Bd8 46. Kg3 Bb6 47. Nf4+ Kh7 48. g5 Bd8 49. Kh4 Bb6 50. g6+ Kg8 51. Nxe6 fxe6 52. f7+ Kg7 53. Bh6+ Kxg6 54. f8Q Bd8+ 55. Kg4 Bf6 56. Qxf6+ Kh7 57. Qg7# 1-0

[Event "POL Olympiad U14"]
[Site "Drzonkow"]
[Date "2017.04.08"]
[Round "9"]
[White "Redzisz, Michal"]
[Black "Pelka, Michal"]
[Result "0-1"]
[WhiteElo "1926"]
[BlackElo "1674"]
[PlyCount "104"]
[EventDate "2017.04.02"]
[EventType "swiss"]
[EventRounds "9"]
[EventCountry "POL"]
[SourceTitle "EXT 2020"]
[Source "ChessBase"]
[SourceDate "2019.10.17"]
[SourceVersion "1"]
[SourceVersionDate "2019.10.17"]
[SourceQuality "1"]

1. d4 Nf6 2. Nc3 d5 3. Bg5 Bf5 4. Bxf6 gxf6 5. e3 c6 6. Bd3 Bxd3 7. Qxd3 Nd7 8. e4 dxe4 9. Qxe4 Qb6 10. Nge2 0-0-0 11. b3 e6 12. 0-0 Bd6 13. Na4 Qa5 14. c4 h5 15. Rac1 f5 16. Qe3 Nf6 17. h3 Rdg8 18. Nac3 h4 19. Qf3 Bb8 20. Qd3 f4 21. f3 Rg5 22. Rf2 Rhg8 23. a4 Qb6 24. Rb1 e5 25. c5 Qc7 26. dxe5 Qxe5 27. Rd1 Qe3 28. Kf1 Rxc5 29. Qc2 Qe5 30. b4 Nd5 31. Rxd5 Rxd5 32. Nxd5 Qxd5 33. Nc3 Qc4+ 34. Re2 Rg5 35. Qd2 Re5 36. Kg1 Qxb4 37. Qd3 Qc5+ 38. Kh2 Re3 39. Rxe3 fxe3+ 40. Kh1 Qe5 41. Kg1 Qh2+ 42. Kf1 Qh1+ 43. Ke2 Qxg2+ 44. Kxe3 Qg5+ 45. Ke2 Bf4 46. Ne4 Qe7 47. Kf2 Kc7 48. Qd4 b6 49. Qc4 f5 50. Qa6 Kb8 51. Qc4 fxe4 52. fxe4 Qc5+ 0-1

[Event "POL Olympiad U14"]
[Site "Drzonkow"]
[Date "2017.04.03"]
[Round "2"]
[White "Pelka, Michal"]
[Black "Cisek, Kamil"]
[Result "1/2-1/2"]
[WhiteElo "1674"]
[BlackElo "1405"]
[PlyCount "114"]
[EventDate "2017.04.02"]
[EventType "swiss"]
[EventRounds "9"]
[EventCountry "POL"]
[SourceTitle "EXT 2020"]
[Source "ChessBase"]
[SourceDate "2019.10.17"]
[SourceVersion "1"]
[SourceVersionDate "2019.10.17"]
[SourceQuality "1"]

1. e4 e5 2. Nf3 Nc6 3. d4 exd4 4. Nxd4 Nf6 5. Nxc6 bxc6 6. e5 Qe7 7. Qe2 Nd5 8. c4 Nb6 9. Nd2 a5 10. b3 d5 11. Bb2 Ba6 12. Rc1 Qd7 13. a3 a4 14. Qe3 axb3 15. Qxb3 dxc4 16. Bxc4 Nxc4 17. Nxc4 Be7 18. 0-0 0-0 19. e6 Qxe6 20. Rfe1 Bxc4 21. Rxe6 Bxb3 22. Rxe7 Bd5 23. Rce1 h6 24. f3 Rfb8 25. R1e2 Rb3 26. R7e3 Rab8 27. Rxb3 Rxb3 28. Kf2 c5 29. Ke1 c4 30. Kd1 c3 31. Bc1 Rb6 32. Kc2 Rc6 33. Re8+ Kh7 34. Re3 Kg6 35. Rxc3 Rxc3+ 36. Kxc3 Kf5 37. Kd4 Ke6 38. Kc5 Bb3 39. Kc6 h5 40. Kxc7 Kd5 41. Kd7 Kc5 42. Ke7 g6 43. Kf6 Be6 44. h3 Bd5 45. Ke5 Bb7 46. Kf4 Bd5 47. g4 hxg4 48. fxg4 Bb3 49. h4 Kb6 50. Be3+ Kb7 51. Ke5 f5 52. g5 Bd1 53. Kf6 Bh5 54. a4 Ka8 55. Ke7 Bg4 56. a5 Bh5 57. a6 Bg4 1/2-1/2

[Event "POL-chT U20"]
[Site "Suchedniow"]
[Date "2016.07.29"]
[Round "7.10"]
[White "Pelka, Michal"]
[Black "Dytman, Radoslaw"]
[Result "0-1"]
[WhiteElo "1618"]
[BlackElo "1479"]
[PlyCount "84"]
[EventDate "2016.07.23"]
[EventType "team-tourn"]
[EventRounds "9"]
[EventCountry "POL"]
[SourceTitle "EXT 2019"]
[Source "ChessBase"]
[SourceDate "2018.10.10"]
[SourceVersion "1"]
[SourceVersionDate "2018.10.10"]
[SourceQuality "1"]

1. e4 e5 2. Nf3 Nc6 3. Nc3 Nf6 4. a3 g6 5. d4 exd4 6. Nxd4 Bg7 7. Nde2 d6 8. Bg5 h6 9. Bh4 0-0 10. Qd2 Re8 11. Bxf6 Qxf6 12. f3 Be6 13. Ng3 Rad8 14. Be2 h5 15. 0-0 Qd4+ 16. Qxd4 Bxd4+ 17. Rf2 Bxf2+ 18. Kxf2 f6 19. Bb5 a6 20. Bxc6 bxc6 21. Nce2 c5 22. Nf1 c6 23. Ne3 d5 24. Nf4 Bf7 25. exd5 cxd5 26. Rd1 d4 27. Nf1 Rb8 28. b3 a5 29. Nd2 f5 30. Nd3 Rbc8 31. Nf4 g5 32. Ne2 Kg7 33. h3 Bd5 34. Nf1 Rc7 35. h4 Rce7 36. Rd2 Kg6 37. hxg5 Kxg5 38. Nfg3 f4 39. Nh1 h4 40. a4 Re3 41. Kf1 h3 42. gxh3 Bxf3 0-1

[Event "POL-chT U20"]
[Site "Suchedniow"]
[Date "2016.07.27"]
[Round "5.4"]
[White "Korcyl, Patryk"]
[Black "Pelka, Michal"]
[Result "0-1"]
[WhiteElo "1564"]
[BlackElo "1618"]
[PlyCount "83"]
[EventDate "2016.07.23"]
[EventType "team-tourn"]
[EventRounds "9"]
[EventCountry "POL"]
[SourceTitle "EXT 2019"]
[Source "ChessBase"]
[SourceDate "2018.10.10"]
[SourceVersion "1"]
[SourceVersionDate "2018.10.10"]
[SourceQuality "1"]

1. e4 c6 2. d4 d5 3. Nc3 dxe4 4. Nxe4 Bf5 5. Ng3 Bg6 6. Nh3 e6 7. Nf4 Bd6 8. Nxg6 hxg6 9. Qf3 Nf6 10. Bg5 Nbd7 11. Ne4 Be7 12. Bf4 Qb6 13. 0-0-0 Nxe4 14. Qxe4 Qa5 15. Kb1 0-0-0 16. h3 Nf6 17. Qf3 Qd5 18. Be2 Bd6 19. Qxd5 Nxd5 20. Bxd6 Rxd6 21. Rd2 Rhd8 22. Rhd1 Ne7 23. c3 g5 24. Kc2 f5 25. g4 f4 26. Bf3 Rh8 27. Rh1 Rh6 28. Re2 Ng6 29. Bg2 Nh4 30. Bf1 Rf6 31. Re5 Rd5 32. Re4 Ng6 33. Bc4 Rd6 34. Rhe1 Kd7 35. Bf1 b5 36. b3 a6 37. R4e2 Ke7 38. a4 Rf8 39. axb5 axb5 40. Ra1 Rc8 41. Bg2 Kd7 42. c4 0-1